| 000 | 00576nam a2200157 4500 | ||
|---|---|---|---|
| 001 | 126207 | ||
| 003 | ES-MaACL | ||
| 005 | 20230906192756.0 | ||
| 007 | t| | ||
| 008 | 070214s1930 xxu r ||||1| spa d | ||
| 100 | 1 |
_aRebolledo, Alvaro. _995706 |
|
| 245 | 1 | 0 |
_aReseña histórico-política de la comunicación inter-oceánica _b: con especial referencia a la separación de Panamá y a los arreglos entre los Estados Unidos y Colombia / _cAlvaro Rebolledo. |
| 260 |
_aSan Francisco : _bHispano-Americana, _c1930. |
||
| 300 |
_a352 p. ; _c20 cm. |
||
| 852 |
_aES-MaACL _jA-1415 |
||
| 999 |
_c126207 _d126207 |
||